[Event "NB I. Maroczy csoport"]
[Site "Kecskemet"]
[Date "2023.10.15"]
[Round "2.2"]
[White "Balazs, Gabor"]
[Black "Nemeth, Zoltan"]
[Result "1/2-1/2"]
[WhiteElo "2374"]
[BlackElo "2196"]
[PlyCount "66"]
[EventDate "2023.10.08"]
[EventType "team-tourn"]
[EventRounds "11"]
[EventCountry "HUN"]
[Source "chess.hu"]
[WhiteTeam "Neumann J. Egyetem"]
[BlackTeam "Magyar Sakkvilag-SMS"]
[WhiteTeamCountry "HUN"]
[BlackTeamCountry "HUN"]

1. d4 e6 2. c4 Nf6 3. Nc3 Bb4 4. e3 Bxc3+ 5. bxc3 O-O 6. Bd3 d6 7. Nf3 Qe7 8.
O-O e5 9. e4 Bg4 10. Re1 Nc6 11. d5 Nb8 12. h3 Bxf3 13. Qxf3 Nbd7 14. Rb1 b6
15. Re3 h6 16. Qe2 Kh8 17. g3 g5 18. Bd2 Rg8 19. Kg2 Nf8 20. Rh1 Ng6 21. Kf1
Kh7 22. Rf3 Raf8 23. h4 gxh4 24. Rf5 Rh8 25. gxh4 Ne8 26. h5 Nh4 27. Qg4 Nxf5
28. Qxf5+ Kg8 29. Rg1+ Ng7 30. Rxg7+ Kxg7 31. Qg4+ Kh7 32. Qf5+ Kg7 33. Qg4+
Kh7 1/2-1/2

[Event "NB I. Maroczy csoport"]
[Site "Kecskemet"]
[Date "2023.10.15"]
[Round "2.3"]
[White "Feher, Gyula"]
[Black "Marosi, Levente"]
[Result "1/2-1/2"]
[WhiteElo "2325"]
[BlackElo "2289"]
[PlyCount "106"]
[EventDate "2023.10.08"]
[EventType "team-tourn"]
[EventRounds "11"]
[EventCountry "HUN"]
[Source "chess.hu"]
[WhiteTeam "Magyar Sakkvilag-SMS"]
[BlackTeam "Neumann J. Egyetem"]
[WhiteTeamCountry "HUN"]
[BlackTeamCountry "HUN"]

1. e4 c6 2. d4 d5 3. e5 Bf5 4. Nf3 e6 5. Be2 Bb4+ 6. c3 Ba5 7. O-O Nd7 8. Be3
Bc7 9. Qb3 Rb8 10. c4 Ne7 11. Nc3 dxc4 12. Bxc4 Nb6 13. Be2 h6 14. Rad1 O-O 15.
Rfe1 Ned5 16. Bc1 a5 17. a3 Ra8 18. Bd3 Bxd3 19. Rxd3 Nxc3 20. Rxc3 a4 21. Qc2
Nd5 22. Rd3 Qe7 23. Nd2 Ba5 24. Rg3 f5 25. exf6 Rxf6 26. Re4 Bxd2 27. Bxd2 Raf8
28. f3 R8f7 29. Qxa4 c5 30. Qc4 cxd4 31. Qxd4 Qc7 32. Bc3 Nxc3 33. Qxc3 Qxc3
34. bxc3 Rc7 35. f4 Kf7 36. Rd3 Rf5 37. Kf2 Rfc5 38. Rb4 Kf6 39. Rb3 Kf5 40.
Kf3 h5 41. Re3 g6 42. g3 Kf6 43. h3 Rc4 44. g4 hxg4+ 45. hxg4 g5 46. fxg5+ Kxg5
47. Rxe6 Rxc3+ 48. Re3 Rxe3+ 49. Rxe3 Rc5 50. Rb3 Ra5 51. Kg3 Ra4 52. Rb5+ Kg6
53. Rb6+ Kg5 1/2-1/2

[Event "NB I. Maroczy csoport"]
[Site "Kecskemet"]
[Date "2023.10.15"]
[Round "2.4"]
[White "Soos, Arpad"]
[Black "Farago, Sandor"]
[Result "1-0"]
[WhiteElo "2337"]
[BlackElo "2077"]
[PlyCount "217"]
[EventDate "2023.10.08"]
[EventType "team-tourn"]
[EventRounds "11"]
[EventCountry "HUN"]
[Source "chess.hu"]
[WhiteTeam "Neumann J. Egyetem"]
[BlackTeam "Magyar Sakkvilag-SMS"]
[WhiteTeamCountry "HUN"]
[BlackTeamCountry "HUN"]

1. e4 c5 2. Nf3 d6 3. d4 cxd4 4. Nxd4 Nf6 5. Nc3 a6 6. Be3 e5 7. Nb3 Be6 8. Qd2
Be7 9. f3 Nbd7 10. O-O-O Nb6 11. g4 h6 12. h4 Rc8 13. Kb1 Nfd7 14. Be2 Qc7 15.
g5 h5 16. f4 exf4 17. Bxf4 Ne5 18. Bxe5 dxe5 19. Nd5 Nxd5 20. exd5 Bf5 21. d6
Qxc2+ 22. Ka1 Qxd2 23. Rxd2 Bd8 24. Bf3 Rc4 25. Bxb7 a5 26. Bd5 Rf4 27. Bc6+
Kf8 28. Nc5 f6 29. g6 Rc4 30. Nd7+ Bxd7 31. Bxd7 Rh6 32. Be6 Rc5 33. Bf7 f5 34.
Kb1 e4 35. Rc1 Rxc1+ 36. Kxc1 Be7 37. dxe7+ Kxe7 38. Rd5 Kf6 39. Rd8 f4 40. Kd2
Kf5 41. Ke2 Kg4 42. Re8 e3 43. Rf8 Kxh4 44. Kf3 Kg5 45. Ra8 h4 46. Rxa5+ Kf6
47. Kxf4 h3 48. Rf5+ Ke7 49. Re5+ Kd6 50. Rd5+ Kc7 51. Rd1 h2 52. Bd5 Rxg6 53.
Kxe3 Rg1 54. Ke2 g5 55. Rd3 g4 56. Kf2 Kb6 57. Rb3+ Kc5 58. Bg2 h1=Q 59. Bxh1
Rxh1 60. Kg2 Ra1 61. a3 Rb1 62. Rb4 Kc6 63. a4 Kc5 64. Rb5+ Kc6 65. b3 Ra1 66.
Rb4 Rb1 67. a5 Ra1 68. Rb6+ Kc7 69. b4 Ra3 70. Rg6 Rb3 71. Rxg4 Kc6 72. Rg6+
Kb7 73. Rb6+ Ka7 74. Kf2 Ra3 75. Ke2 Rb3 76. Kd2 Rg3 77. Kc2 Rh3 78. Kb2 Rg3
79. Rc6 Kb7 80. Rc3 Rg5 81. Kb3 Ka6 82. Ka4 Rg4 83. Rc6+ Kb7 84. Rh6 Rf4 85.
a6+ Ka7 86. Ka5 Rf5+ 87. b5 Rg5 88. Rh7+ Ka8 89. Rd7 Kb8 90. Kb6 Rg6+ 91. Kc5
Rg1 92. Kc6 Rc1+ 93. Kb6 Rc8 94. Rg7 Rf8 95. Rg6 Rc8 96. Re6 Ka8 97. Ka5 Kb8
98. Re5 Rh8 99. b6 Rg8 100. Kb5 Ka8 101. Kc6 Rg6+ 102. Kc5 Rg8 103. Kd6 Rd8+
104. Kc7 Rb8 105. b7+ Ka7 106. Rd5 Rh8 107. Rd8 Rh7+ 108. Kd6 Rh6+ 109. Ke5 1-0

[Event "NB I. Maroczy csoport"]
[Site "Kecskemet"]
[Date "2023.10.15"]
[Round "2.5"]
[White "Meszaros, Andras"]
[Black "Marta, Dominik"]
[Result "1/2-1/2"]
[WhiteElo "2094"]
[BlackElo "2117"]
[PlyCount "121"]
[EventDate "2023.10.08"]
[EventType "team-tourn"]
[EventRounds "11"]
[EventCountry "HUN"]
[Source "chess.hu"]
[WhiteTeam "Magyar Sakkvilag-SMS"]
[BlackTeam "Neumann J. Egyetem"]
[WhiteTeamCountry "HUN"]
[BlackTeamCountry "HUN"]

1. e4 e5 2. Nf3 Nf6 3. Bc4 Nc6 4. d3 h6 5. Nbd2 Bc5 6. c3 O-O 7. O-O d6 8. h3
Qe7 9. Bb3 Be6 10. Nc4 b5 11. Ne3 Bb6 12. Nh4 Bxe3 13. Bxe3 Kh7 14. Qf3 g6 15.
Bc2 d5 16. Bc5 Qxc5 17. Qxf6 Qe7 18. Qxe7 Nxe7 19. exd5 Bxd5 20. Rfe1 Nc6 21.
c4 Nb4 22. Bb1 bxc4 23. dxc4 Be6 24. Rxe5 Rae8 25. b3 Bc8 26. Rxe8 Rxe8 27. Kf1
Bb7 28. a3 Nc6 29. Nf3 Na5 30. Bc2 Bxf3 31. gxf3 Rb8 32. Rd1 Kg7 33. Rd3 c5 34.
Kg2 Nc6 35. Bd1 Nd4 36. Kg3 a5 37. Kg2 Kf6 38. Re3 Rd8 39. Rd3 Kg5 40. Re3 Nf5
41. Re1 Rd2 42. b4 axb4 43. axb4 cxb4 44. c5 Rd5 45. c6 Rc5 46. Ba4 Nh4+ 47.
Kg3 Rc3 48. Re4 Rxf3+ 49. Kh2 Rxf2+ 50. Kg1 Ra2 51. Rg4+ Kh5 52. Bd1 Ra1 53.
Rd4+ Kg5 54. Kf2 Nf5 55. Rd7 Rc1 56. c7 Kf6 57. Bb3 Ne7 58. Rd6+ Ke5 59. Rd7
Kf6 60. Rd6+ Ke5 61. Rd7 1/2-1/2

[Event "NB I. Maroczy csoport"]
[Site "Kecskemet"]
[Date "2023.10.15"]
[Round "2.6"]
[White "Varasdy, Imre"]
[Black "Muranyi, Peter"]
[Result "1/2-1/2"]
[WhiteElo "2237"]
[BlackElo "2016"]
[PlyCount "70"]
[EventDate "2023.10.08"]
[EventType "team-tourn"]
[EventRounds "11"]
[EventCountry "HUN"]
[Source "chess.hu"]
[WhiteTeam "Neumann J. Egyetem"]
[BlackTeam "Magyar Sakkvilag-SMS"]
[WhiteTeamCountry "HUN"]
[BlackTeamCountry "HUN"]

1. d4 b6 2. e4 Bb7 3. Bd3 g6 4. Nf3 Bg7 5. h4 h5 6. Qe2 d6 7. c3 Nd7 8. Bg5
Ngf6 9. Nbd2 e5 10. O-O-O O-O 11. d5 a6 12. Nh2 Qe8 13. f3 Bc8 14. Rdg1 Kh8 15.
g4 Bb7 16. Nhf1 c6 17. c4 b5 18. dxc6 Bxc6 19. Ng3 Rc8 20. Kb1 Rg8 21. gxh5
Nxh5 22. Nxh5 gxh5 23. Be3 f5 24. exf5 Nf6 25. Rg6 bxc4 26. Nxc4 Qe7 27. Bd2
Be8 28. Rg2 Bf7 29. Rhg1 Rce8 30. Bb4 Nd5 31. Bxd6 Qf6 32. Qe4 Nf4 33. Rxg7
Rxg7 34. Rxg7 Bxc4 35. Bxc4 Qxg7 1/2-1/2

[Event "NB I. Maroczy csoport"]
[Site "Kecskemet"]
[Date "2023.10.15"]
[Round "2.7"]
[White "Juhasz, Mark"]
[Black "Czegledi, Zsolt"]
[Result "0-1"]
[WhiteElo "1980"]
[BlackElo "2155"]
[PlyCount "112"]
[EventDate "2023.10.08"]
[EventType "team-tourn"]
[EventRounds "11"]
[EventCountry "HUN"]
[Source "chess.hu"]
[WhiteTeam "Magyar Sakkvilag-SMS"]
[BlackTeam "Neumann J. Egyetem"]
[WhiteTeamCountry "HUN"]
[BlackTeamCountry "HUN"]

1. c4 c6 2. g3 d5 3. Nf3 Nf6 4. Bg2 Bf5 5. Qb3 Qb6 6. d3 Nbd7 7. Be3 Qxb3 8.
axb3 a6 9. Bd4 e6 10. Nh4 Bg6 11. Bc3 Be7 12. Nxg6 hxg6 13. h4 O-O 14. Nd2 e5
15. e3 Rfe8 16. O-O Bd6 17. Nf3 Nc5 18. Bxe5 Bxe5 19. Nxe5 Nxb3 20. Ra3 Nd2 21.
Rd1 Nxc4 22. Nxc4 dxc4 23. dxc4 Rad8 24. Rad3 Rxd3 25. Rxd3 Kf8 26. Kf1 Ke7 27.
Ke2 Rd8 28. Rb3 Rd7 29. Bh3 Rc7 30. Kd3 Kd6 31. Kd4 Nd7 32. Rd3 Nc5 33. Rd1 a5
34. e4 Re7 35. f3 b6 36. Re1 Ne6+ 37. Kc3 Kc5 38. Rd1 Nc7 39. b3 b5 40. Ra1 Kb6
41. c5+ Kxc5 42. Rxa5 Re8 43. b4+ Kb6 44. Ra2 Rd8 45. Rd2 Rxd2 46. Kxd2 c5 47.
bxc5+ Kxc5 48. Kc3 b4+ 49. Kd3 Nb5 50. Bd7 Nd4 51. Be8 Nxf3 52. Ke3 Ne5 53. Ba4
Kc4 54. Kf4 Nd3+ 55. Kg5 b3 56. g4 Nc5 0-1

[Event "NB I. Maroczy csoport"]
[Site "Kecskemet"]
[Date "2023.10.15"]
[Round "2.8"]
[White "Lehocz, Jozsef Jr"]
[Black "Torok, Tamas Titusz"]
[Result "1-0"]
[WhiteElo "2104"]
[BlackElo "1968"]
[PlyCount "67"]
[EventDate "2023.10.08"]
[EventType "team-tourn"]
[EventRounds "11"]
[EventCountry "HUN"]
[Source "chess.hu"]
[WhiteTeam "Neumann J. Egyetem"]
[BlackTeam "Magyar Sakkvilag-SMS"]
[WhiteTeamCountry "HUN"]
[BlackTeamCountry "HUN"]

1. Nf3 Nc6 2. c4 e5 3. d3 Nf6 4. Nc3 Bb4 5. Bd2 O-O 6. g3 d6 7. Bg2 h6 8. O-O
Be6 9. a3 Bxc3 10. Bxc3 Qd7 11. Re1 Rab8 12. b4 Bg4 13. d4 Bxf3 14. exf3 exd4
15. Bxd4 Nxd4 16. Qxd4 a6 17. f4 Rbd8 18. Rad1 c6 19. Re3 Rfe8 20. Red3 Qe6 21.
Bf3 Qf5 22. Qb6 Rd7 23. Rxd6 Rxd6 24. Rxd6 Re1+ 25. Kg2 Kh7 26. Qd4 Re7 27. h3
h5 28. Qd1 g6 29. Qd4 Re6 30. c5 Rxd6 31. cxd6 Qe6 32. Qb6 Qd7 33. Qc7 Qe6 34.
Qe7 1-0

[Event "NB I. Maroczy csoport"]
[Site "Kecskemet"]
[Date "2023.10.15"]
[Round "2.9"]
[White "Borda, Lajos"]
[Black "Brandics, Jozsef"]
[Result "0-1"]
[WhiteElo "1979"]
[BlackElo "2165"]
[PlyCount "86"]
[EventDate "2023.10.08"]
[EventType "team-tourn"]
[EventRounds "11"]
[EventCountry "HUN"]
[Source "chess.hu"]
[WhiteTeam "Magyar Sakkvilag-SMS"]
[BlackTeam "Neumann J. Egyetem"]
[WhiteTeamCountry "HUN"]
[BlackTeamCountry "HUN"]

1. e4 Nc6 2. Nc3 Nf6 3. d4 d5 4. e5 Ng8 5. Be3 Bf5 6. Bd3 Bxd3 7. Qxd3 e6 8.
Nge2 Qd7 9. a3 f6 10. f4 Nh6 11. Ng3 Be7 12. Bd2 f5 13. Nge2 a6 14. b4 Na7 15.
Nc1 Nc8 16. Nb3 Nb6 17. Na5 Rb8 18. O-O Nf7 19. Ne2 Qb5 20. Rfb1 Qxd3 21. cxd3
Na4 22. Nc3 Nxc3 23. Bxc3 Kd7 24. Bd2 b6 25. Nb3 Rhg8 26. Nc1 g5 27. fxg5 Nxg5
28. Kf2 Nf7 29. Ne2 Rgc8 30. Bf4 c5 31. bxc5 bxc5 32. Rxb8 Rxb8 33. dxc5 Bxc5+
34. d4 Ba7 35. Ra2 Nd8 36. Rc2 Nc6 37. Be3 Rb3 38. Rc3 Rxc3 39. Nxc3 Bxd4 40.
Bxd4 Nxd4 41. Kg3 Nb5 42. Nb1 d4 43. a4 Nc3 0-1

[Event "NB I. Maroczy csoport"]
[Site "Kecskemet"]
[Date "2023.10.15"]
[Round "2.10"]
[White "Csala, Imre"]
[Black "Kelemen, Gabor"]
[Result "0-1"]
[WhiteElo "1953"]
[BlackElo "2099"]
[PlyCount "38"]
[EventDate "2023.10.08"]
[EventType "team-tourn"]
[EventRounds "11"]
[EventCountry "HUN"]
[Source "chess.hu"]
[WhiteTeam "Neumann J. Egyetem"]
[BlackTeam "Magyar Sakkvilag-SMS"]
[WhiteTeamCountry "HUN"]
[BlackTeamCountry "HUN"]

1. d4 Nf6 2. c4 e6 3. Nc3 Bb4 4. e3 c5 5. Bd3 Nc6 6. Nf3 d6 7. O-O Bxc3 8. bxc3
e5 9. Qc2 O-O 10. h3 Re8 11. d5 e4 12. dxc6 exf3 13. cxb7 Bxb7 14. g3 Re5 15.
Re1 Qd7 16. Bf1 Be4 17. Qd1 Rh5 18. Ba3 Rxh3 19. Bxc5 Qf5 0-1

[Event "NB I. Maroczy csoport"]
[Site "Kecskemet"]
[Date "2023.10.15"]
[Round "2.11"]
[White "Metaxasz, Vaszilisz"]
[Black "Lehocz, Jozsef"]
[Result "1/2-1/2"]
[WhiteElo "1903"]
[BlackElo "1944"]
[PlyCount "27"]
[EventDate "2023.10.08"]
[EventType "team-tourn"]
[EventRounds "11"]
[EventCountry "HUN"]
[Source "chess.hu"]
[WhiteTeam "Magyar Sakkvilag-SMS"]
[BlackTeam "Neumann J. Egyetem"]
[WhiteTeamCountry "HUN"]
[BlackTeamCountry "HUN"]

1. c4 Nf6 2. Nc3 b6 3. e4 e5 4. g3 Bc5 5. Bg2 Nc6 6. Nge2 h5 7. h3 Bb7 8. d3
Nd4 9. Nxd4 Bxd4 10. Ne2 c5 11. Nxd4 cxd4 12. Bg5 Qe7 13. O-O Qe6 14. f4
1/2-1/2

[Event "NB I. Maroczy csoport"]
[Site "Kecskemet"]
[Date "2023.10.15"]
[Round "2.12"]
[White "Balazs-Szalai, Renata"]
[Black "Cseke, Viktoria"]
[Result "1-0"]
[WhiteElo "1863"]
[BlackElo "1650"]
[PlyCount "97"]
[EventDate "2023.10.08"]
[EventType "team-tourn"]
[EventRounds "11"]
[EventCountry "HUN"]
[Source "chess.hu"]
[WhiteTeam "Neumann J. Egyetem"]
[BlackTeam "Magyar Sakkvilag-SMS"]
[WhiteTeamCountry "HUN"]
[BlackTeamCountry "HUN"]

1. d4 Nf6 2. c4 d6 3. Nc3 g6 4. e4 Bg7 5. Be2 O-O 6. Be3 a5 7. Nf3 Nc6 8. O-O
e5 9. d5 Ne7 10. Nd2 Ne8 11. c5 f5 12. f3 f4 13. Bf2 h6 14. Nb5 Bd7 15. Rc1
Bxb5 16. Bxb5 c6 17. dxc6 bxc6 18. cxd6 Nxd6 19. Bxc6 Nxc6 20. Rxc6 Rc8 21.
Rxc8 Qxc8 22. Nb3 Rd8 23. Qd5+ Kh7 24. Qxa5 Nc4 25. Qc3 Qa6 26. a3 Qb5 27. Qb4
Qxb4 28. axb4 Nxb2 29. Rb1 Nc4 30. h3 Bf8 31. Bc5 Bxc5+ 32. bxc5 Kg7 33. Rc1
Na3 34. c6 Rc8 35. Rc5 Kf6 36. Na5 Ke6 37. Nb7 Nb1 38. Rd5 Nc3 39. Rd6+ Ke7 40.
Rxg6 Ne2+ 41. Kf2 Nd4 42. Rxh6 Nxc6 43. Nd6 Ra8 44. Nf5+ Kd7 45. Kg1 Ra1+ 46.
Kh2 Rd1 47. h4 Nd8 48. h5 Ne6 49. Rg6 1-0

[Event "NB I. Maroczy csoport"]
[Site "Szeged"]
[Date "2023.10.15"]
[Round "2.1"]
[White "Bodi, Tibor"]
[Black "Palkovi, Jozsef"]
[Result "1-0"]
[WhiteElo "2278"]
[BlackElo "2383"]
[PlyCount "135"]
[EventDate "2023.10.08"]
[EventType "team-tourn"]
[EventRounds "11"]
[EventCountry "HUN"]
[Source "chess.hu"]
[WhiteTeam "Aquarena Kobanya  II"]
[BlackTeam "Maroczy SE I."]
[WhiteTeamCountry "HUN"]
[BlackTeamCountry "HUN"]

1. d4 Nf6 2. Bf4 g6 3. Nc3 Bg7 4. e4 d6 5. Qd2 c6 6. O-O-O b5 7. Bd3 O-O 8. Kb1
b4 9. Nce2 e5 10. dxe5 dxe5 11. Bg3 Be6 12. Nf3 Nbd7 13. Qxb4 c5 14. Qa4 Nb6
15. Qc6 Rc8 16. Bb5 Qe7 17. Qd6 Qxd6 18. Rxd6 Nxe4 19. Rdd1 Nxg3 20. hxg3 a6
21. Bd3 c4 22. Be4 h6 23. Rd6 Rb8 24. Nc3 Rfc8 25. Kc1 Bf8 26. Rxe6 fxe6 27.
Nxe5 Rc5 28. Nxg6 Bg7 29. Nf4 Kf7 30. Bg6+ Ke7 31. Re1 Re5 32. Be4 Ra5 33. Bf3
Bxc3 34. Rxe6+ Kf7 35. bxc3 Rxa2 36. Bh5+ Kg7 37. Re7+ Kf6 38. Re6+ Kg7 39.
Re7+ Kf6 40. Rh7 Ra1+ 41. Kd2 Rd8+ 42. Ke2 Ke5 43. Rxh6 Rd6 44. Rh8 a5 45. Re8+
Kf6 46. Rf8+ Kg7 47. Rf7+ Kg8 48. Ra7 Rd7 49. Ra6 Nd5 50. Bg4 Nxc3+ 51. Kf3 Re7
52. Be6+ Rxe6 53. Nxe6 a4 54. Kf4 Kf7 55. Ng5+ Ke7 56. Ne4 Nb5 57. Ra5 Nd4 58.
Ra7+ Kd8 59. c3 Nc6 60. Ra6 Kc7 61. g4 a3 62. g5 a2 63. g6 Ne7 64. g7 Rg1 65.
Rxa2 Rxg2 66. Ra7+ Kd8 67. Rxe7 Kxe7 68. Ng5 1-0

[Event "NB I. Maroczy csoport"]
[Site "Szeged"]
[Date "2023.10.15"]
[Round "2.2"]
[White "Peczely, Sebastian Zsombor"]
[Black "Horvath, David"]
[Result "1/2-1/2"]
[WhiteElo "2339"]
[BlackElo "2335"]
[PlyCount "40"]
[EventDate "2023.10.08"]
[EventType "team-tourn"]
[EventRounds "11"]
[EventCountry "HUN"]
[Source "chess.hu"]
[WhiteTeam "Maroczy SE I."]
[BlackTeam "Aquarena Kobanya  II"]
[WhiteTeamCountry "HUN"]
[BlackTeamCountry "HUN"]

1. e4 c6 2. Nf3 d5 3. d3 Qc7 4. Nc3 dxe4 5. dxe4 Bg4 6. Bc4 e6 7. h3 Bxf3 8.
Qxf3 Nf6 9. Bf4 Bd6 10. Bxd6 Qxd6 11. O-O O-O 12. Rad1 Qc7 13. Bb3 Nbd7 14. Qe3
e5 15. Rd2 b6 16. a3 Nc5 17. Ba2 Rad8 18. Rfd1 Rxd2 19. Qxd2 Nb7 20. Qe2 Rd8
1/2-1/2

[Event "NB I. Maroczy csoport"]
[Site "Szeged"]
[Date "2023.10.15"]
[Round "2.3"]
[White "Polyik, Peter"]
[Black "Papp, Bence"]
[Result "1/2-1/2"]
[WhiteElo "2294"]
[BlackElo "2300"]
[PlyCount "77"]
[EventDate "2023.10.08"]
[EventType "team-tourn"]
[EventRounds "11"]
[EventCountry "HUN"]
[Source "chess.hu"]
[WhiteTeam "Aquarena Kobanya  II"]
[BlackTeam "Maroczy SE I."]
[WhiteTeamCountry "HUN"]
[BlackTeamCountry "HUN"]

1. c4 Nf6 2. g3 e6 3. Bg2 d5 4. Nf3 dxc4 5. Qa4+ Nbd7 6. Qxc4 a6 7. Qc2 c5 8.
Nc3 Be7 9. O-O O-O 10. Rd1 Ra7 11. d4 b5 12. Bg5 Qc7 13. Rac1 Bb7 14. e4 b4 15.
e5 bxc3 16. exf6 gxf6 17. Be3 cxb2 18. Qxb2 Bd5 19. dxc5 Rb7 20. Qd4 Bc6 21.
Bh6 Kh8 22. Bxf8 Bxf8 23. Ng5 Bxg2 24. Kxg2 Bxc5 25. Rxc5 Qxc5 26. Qe4 fxg5 27.
Qxb7 Ne5 28. Qxa6 Qc2 29. Rd4 Kg7 30. Qb5 Kf6 31. a4 Qc3 32. Rd8 Qf3+ 33. Kg1
Qe4 34. a5 Nf3+ 35. Kf1 Nxh2+ 36. Kg1 Nf3+ 37. Kf1 Nh2+ 38. Kg1 Nf3+ 39. Kf1
1/2-1/2

[Event "NB I. Maroczy csoport"]
[Site "Szeged"]
[Date "2023.10.15"]
[Round "2.4"]
[White "Zakarias, David"]
[Black "Urhegyi, Marton"]
[Result "1/2-1/2"]
[WhiteElo "2303"]
[BlackElo "2254"]
[PlyCount "58"]
[EventDate "2023.10.08"]
[EventType "team-tourn"]
[EventRounds "11"]
[EventCountry "HUN"]
[Source "chess.hu"]
[WhiteTeam "Maroczy SE I."]
[BlackTeam "Aquarena Kobanya  II"]
[WhiteTeamCountry "HUN"]
[BlackTeamCountry "HUN"]

1. d4 d5 2. c4 c6 3. Nf3 Nf6 4. e3 Bf5 5. Nc3 e6 6. Qb3 Qb6 7. c5 Qc7 8. Nh4
Bg6 9. g3 Nbd7 10. Nxg6 hxg6 11. Bg2 e5 12. Qa4 a6 13. Bd2 Be7 14. b4 b5 15.
Qb3 a5 16. bxa5 Rxa5 17. O-O O-O 18. a4 bxa4 19. Rxa4 Rxa4 20. Qxa4 Nh7 21.
Bxd5 exd4 22. exd4 cxd5 23. Nxd5 Nxc5 24. Qc4 Qa7 25. Nxe7+ Qxe7 26. dxc5 Rc8
27. c6 Qd6 28. Qa6 Qxc6 29. Qxc6 Rxc6 1/2-1/2

[Event "NB I. Maroczy csoport"]
[Site "Szeged"]
[Date "2023.10.15"]
[Round "2.5"]
[White "Halak, Miklos"]
[Black "Tubak, Daniel"]
[Result "1/2-1/2"]
[WhiteElo "2235"]
[BlackElo "2187"]
[PlyCount "77"]
[EventDate "2023.10.08"]
[EventType "team-tourn"]
[EventRounds "11"]
[EventCountry "HUN"]
[Source "chess.hu"]
[WhiteTeam "Aquarena Kobanya  II"]
[BlackTeam "Maroczy SE I."]
[WhiteTeamCountry "HUN"]
[BlackTeamCountry "HUN"]

1. d4 Nf6 2. Nf3 d5 3. Bf4 c5 4. e3 e6 5. Nbd2 Nc6 6. c3 Bd6 7. Bg3 O-O 8. Bd3
Re8 9. Ne5 Qc7 10. f4 Ne7 11. Bh4 Ng6 12. Bg5 Nd7 13. Nxg6 fxg6 14. O-O Nf6 15.
Nf3 Rf8 16. Ne5 b6 17. Rf3 Ne4 18. Bh4 Bxe5 19. fxe5 Bb7 20. Qe2 c4 21. Bc2 b5
22. Raf1 h6 23. Be1 Qe7 24. b3 Qc7 25. Bxe4 dxe4 26. Rxf8+ Rxf8 27. bxc4 Rxf1+
28. Kxf1 Qxc4 29. Qxc4 bxc4 30. Bd2 Kf7 31. Bc1 h5 32. Ba3 Ke8 33. Bc5 a6 34.
Ke2 Bd5 35. h4 g5 36. hxg5 g6 37. Kd2 Kd7 38. Kc2 Kc6 39. Kb2 1/2-1/2

[Event "NB I. Maroczy csoport"]
[Site "Szeged"]
[Date "2023.10.15"]
[Round "2.6"]
[White "Nagy, Daniel"]
[Black "Monda, Laszlo"]
[Result "1-0"]
[WhiteElo "2301"]
[BlackElo "2004"]
[PlyCount "83"]
[EventDate "2023.10.08"]
[EventType "team-tourn"]
[EventRounds "11"]
[EventCountry "HUN"]
[Source "chess.hu"]
[WhiteTeam "Maroczy SE I."]
[BlackTeam "Aquarena Kobanya  II"]
[WhiteTeamCountry "HUN"]
[BlackTeamCountry "HUN"]

1. d4 d5 2. c4 e6 3. Nf3 c6 4. Nc3 dxc4 5. a4 Bb4 6. e3 b5 7. Bd2 a5 8. axb5
Bxc3 9. Bxc3 cxb5 10. b3 Bb7 11. bxc4 b4 12. Bb2 Nf6 13. Bd3 O-O 14. O-O Nbd7
15. Nd2 Bc6 16. Bc2 Nb6 17. e4 a4 18. d5 exd5 19. exd5 Bd7 20. Bd4 b3 21. Bd3
Re8 22. Qb1 h6 23. Qb2 Rb8 24. Bc5 Nc8 25. Qd4 Qa5 26. Ba3 Ne7 27. Rfe1 Nf5 28.
Rxe8+ Rxe8 29. Bxf5 Bxf5 30. c5 Re2 31. Bb4 Qb5 32. d6 Nd7 33. g4 b2 34. Qxb2
Bxg4 35. Qd4 Bh3 36. Qh4 Qd3 37. c6 Nf6 38. d7 Bf5 39. Qg3 Rxd2 40. Bxd2 Qxd2
41. Qb8+ Kh7 42. d8=Q 1-0

[Event "NB I. Maroczy csoport"]
[Site "Szeged"]
[Date "2023.10.15"]
[Round "2.7"]
[White "Fulop, Peter Benjamin"]
[Black "Tesik, Csaba"]
[Result "1-0"]
[WhiteElo "1967"]
[BlackElo "2294"]
[PlyCount "119"]
[EventDate "2023.10.08"]
[EventType "team-tourn"]
[EventRounds "11"]
[EventCountry "HUN"]
[Source "chess.hu"]
[WhiteTeam "Aquarena Kobanya  II"]
[BlackTeam "Maroczy SE I."]
[WhiteTeamCountry "HUN"]
[BlackTeamCountry "HUN"]

1. e4 c5 2. c3 d5 3. exd5 Qxd5 4. d4 Nf6 5. Nf3 e6 6. Na3 a6 7. Nc4 Nbd7 8. Be2
cxd4 9. Nxd4 Bc5 10. O-O O-O 11. Be3 Ne5 12. Qb3 Nxc4 13. Bxc4 Qd6 14. Rad1 Qc7
15. Be2 e5 16. Nc2 b5 17. c4 Be6 18. Bxc5 Qxc5 19. Qe3 Rac8 20. b4 Qc7 21. c5
Nd5 22. Qa3 Nf4 23. Bf3 f5 24. g3 Nh3+ 25. Kh1 Bc4 26. Qxa6 e4 27. Bg2 Bxf1 28.
Rxf1 Ng5 29. Qxb5 Qf7 30. h4 Qxa2 31. Nd4 Ne6 32. Nc6 Rc7 33. Ne5 Qd5 34. f4
Rb7 35. Qa4 Rd8 36. Kh2 h6 37. c6 Rb6 38. Rb1 Kh7 39. Qa7 Rxc6 40. Nxc6 Qxc6
41. Qf7 Rf8 42. Qe7 Rf6 43. b5 Qc2 44. Qb4 Nd4 45. b6 Qf2 46. h5 Nf3+ 47. Kh3
Qe2 48. Bxf3 exf3 49. Qb2 Qe8 50. Kh2 Qxh5+ 51. Kg1 Rg6 52. Qh2 f2+ 53. Qxf2
Qh3 54. Rb3 Rd6 55. Qe2 Rc6 56. Qd1 Rg6 57. Qf3 Rd6 58. b7 Rd2 59. b8=Q Qh2+
60. Kf1 1-0

[Event "NB I. Maroczy csoport"]
[Site "Szeged"]
[Date "2023.10.15"]
[Round "2.8"]
[White "Kopasz, Robert"]
[Black "Karacsonyi, Bank"]
[Result "1-0"]
[WhiteElo "2241"]
[BlackElo "1914"]
[PlyCount "86"]
[EventDate "2023.10.08"]
[EventType "team-tourn"]
[EventRounds "11"]
[EventCountry "HUN"]
[Source "chess.hu"]
[WhiteTeam "Maroczy SE I."]
[BlackTeam "Aquarena Kobanya  II"]
[WhiteTeamCountry "HUN"]
[BlackTeamCountry "HUN"]

1. c4 c5 2. Nc3 Nf6 3. g3 d5 4. cxd5 Nxd5 5. Bg2 Nc7 6. Nf3 Nc6 7. d3 e5 8. Be3
Bd7 9. Rc1 b6 10. O-O Rc8 11. Nd2 f6 12. f4 exf4 13. gxf4 Be7 14. Qe1 f5 15.
Nc4 O-O 16. Qg3 b5 17. Nd2 Nd4 18. Bxd4 cxd4 19. Nd5 Be6 20. Nxe7+ Qxe7 21. Nf3
Qd6 22. Qf2 Rfd8 23. Rc2 Nd5 24. Rxc8 Bxc8 25. Nxd4 Qc5 26. Nb3 Qe7 27. Qc5
Qe3+ 28. Qxe3 Nxe3 29. Rc1 Nxg2 30. Kxg2 Bb7+ 31. Kf2 Rc8 32. Rc5 Rxc5 33. Nxc5
Bc8 34. Ke3 a6 35. d4 Kf7 36. d5 Ke7 37. Kd4 Kd6 38. e4 fxe4 39. Nxe4+ Kc7 40.
Kc5 h6 41. b4 Bf5 42. Nd6 Bg6 43. a3 Bh7 1-0

[Event "NB I. Maroczy csoport"]
[Site "Szeged"]
[Date "2023.10.15"]
[Round "2.9"]
[White "Castillo Sanjuan, Daniel"]
[Black "Kocsmar, Akos"]
[Result "0-1"]
[WhiteElo "1984"]
[BlackElo "2071"]
[PlyCount "68"]
[EventDate "2023.10.08"]
[EventType "team-tourn"]
[EventRounds "11"]
[EventCountry "HUN"]
[Source "chess.hu"]
[WhiteTeam "Aquarena Kobanya  II"]
[BlackTeam "Maroczy SE I."]
[WhiteTeamCountry "HUN"]
[BlackTeamCountry "HUN"]

1. e4 c5 2. Nc3 e6 3. g3 d5 4. exd5 exd5 5. d4 Nc6 6. Bb5 a6 7. Bxc6+ bxc6 8.
Qe2+ Be6 9. Nf3 Nf6 10. Ng5 cxd4 11. Nxe6 fxe6 12. Qxe6+ Qe7 13. Qxe7+ Bxe7 14.
Ne2 c5 15. O-O Kf7 16. Re1 Rab8 17. b3 Rhe8 18. Ba3 Bf8 19. Nf4 g5 20. Nh3 h6
21. f4 Ne4 22. fxg5 hxg5 23. Nf2 Rbc8 24. Bb2 Bg7 25. Rad1 a5 26. Kg2 Kg6 27.
h4 Bf6 28. Nh3 gxh4 29. Nf4+ Kf7 30. gxh4 Rg8+ 31. Kh2 Rg4 32. Nxd5 Rh8 33. Rd3
Rhxh4+ 34. Rh3 Be5+ 0-1